| 000 | 00978 a2200229 4500 | ||
|---|---|---|---|
| 005 | 20260226115117.0 | ||
| 008 | 260203b |||||||| |||| 00| 0 eng d | ||
| 020 | _a9789348409676 (hbk) | ||
| 037 | _cTB | ||
| 040 |
_aCRL _cCRL |
||
| 041 |
_2hin _ahin |
||
| 084 |
_aO152,1:g(P:75) R5 _qCRL |
||
| 100 |
_aशुक्ल, आचार्य रामचन्द्र _9861184 |
||
| 245 | _aरस - मीमांसा | ||
| 260 |
_aदिल्ली, भारत: _bअनन्य प्रकाशन, _c2025. |
||
| 300 | _a278पृ. | ||
| 365 |
_b650.00 _cINR |
||
| 650 |
_aहिन्दी साहित्य _91113409 |
||
| 650 |
_aहिन्दी कविता _91113410 |
||
| 942 |
_cTB _2CC _n0 _hO152,1:g(P:75) R5 |
||
| 999 |
_c1466798 _d1466798 |
||